Can You Name All The Characteristics Of Starr Nova From Brawl Stars? - Statistics

General Stats
  • This quiz has been taken 2 times
  • The average score is 7 of 15
Answer Stats
Hint Answer % Correct
Rarity Mythic
100%
Voice Actor No
100%
Buffies No
100%
Hypercharge No
100%
Trait No
100%
Prestige Title Anime Fan
50%
Class Assassin
50%
Gadgets Floaty Time
50%
Title Magical
50%
Star Power Mystical Starr Technique
0%
Super Nova Crystal Transform
0%
Attack Nova Hair Go
0%
Star Power Power Level: Maximum
0%
Gadgets Shining Starr of Friendship and Justice
0%
Trio Starr Toon Studio
0%
No matching quizzes found
Score Distribution
Percent of People with Each Score
Percentile by Number Answered
Your Score History
You have not taken this quiz